Política exterior de México: 175 años de Historia
שמור ב:
| מחבר תאגידי: | |
|---|---|
| פורמט: | Texto |
| יצא לאור: |
México D.F.:
Secretaria de Relaciones Exteriores
|
| תגים: |
הוספת תג
אין תגיות, היה/י הראשונ/ה לתייג את הרשומה!
|
MARC
| LEADER | 00000 a a2200000 04500 | ||
|---|---|---|---|
| 001 | 23038 | ||
| 003 | |||
| 040 | |||
| 020 | |a 968-810-105-2 | ||
| 090 | |a 151700 | ||
| 110 | |a México. Secretaría de Relaciones Exteriores | ||
| 245 | |a Política exterior de México: 175 años de Historia | ||
| 260 | |a México D.F.: |b Secretaria de Relaciones Exteriores | ||
| 300 | |a 366 p.; Tomo I | ||
| 999 | |c 1199 |d 1199 | ||



